You & I - One Direction (All Lyrics) - Statistics

General Stats
  • This quiz has been taken 156 times
  • The average score is 220 of 258
Answer Stats
Answers % Correct
a
100%
and
100%
I
100%
the
99%
You
99%
you
99%
be
95%
it
95%
Like
95%
like
95%
No
94%
of
94%
us?
94%
us
94%
us)
94%
We
94%
we
94%
Not
93%
Nothing
93%
nothing
93%
between
92%
can
92%
Can
92%
come
91%
end
89%
make
89%
two
89%
(Two
89%
don't
88%
even
88%
wanna
88%
Oh
86%
them
86%
above
85%
out
85%
from
83%
to
83%
black
82%
figured
82%
Gods
82%
'til
82%
white
82%
separate
81%
they
81%
ever
78%
in
74%
know
73%
fight
70%
how
70%
Never
70%
never
70%
Seconds
69%
goes
68%
try
68%
hours
66%
it's
66%
Did
65%
for
64%
see
64%
Silence
64%
day
63%
other
63%
right
63%
sound
63%
together
63%
what
63%
each
61%
hold
61%
night
59%
time
59%
wrong
59%
'Cause
58%
Maybe
58%
tight
56%
middle
55%
some
55%
different
53%
down
53%
take
53%
up
52%
light
51%
mistakes
51%
Meet
50%
room
49%
things
49%
always
48%
had
48%
Saw
47%
There's
47%
if
45%
tried
45%
ground
43%
common
40%
but
39%
No matching quizzes found
Score Distribution
Percent of People with Each Score
Percentile by Number Answered
Your Score History
You have not taken this quiz